000 00289nam a22001337a 4500
008 170801b xxu||||| |||| 00| 0 eng d
020 _a0201137992
041 _aeng
080 _a004
100 _a32
101 _aSHKI
245 _aprogramming in ada
_cbarnes, j.g.p
942 _2udc
_cBK
999 _c22380
_d22380